Category Elimination - States of India - Statistics

General Stats
  • This quiz has been taken 346 times
    277 since last reset
  • The average score is 16 of 20
Answer Stats
Group # Category % Correct
Green 19 With a land area of at least 50,000 km²
100%
Green 12 ... and is not in the coast
95%
Yellow 21 One word States
90%
Blue 15 States with at least 30 million people
88%
Green 8 ... with a population below 50 million
85%
Blue 9 ... which doesn't borders another nation
85%
Blue 6 ... with a coast
85%
Pink 20 Situated on or above the Tropic of Cancer
85%
Blue 4 ... and is a part of the cultural South India
84%
Yellow 9 ...which lies to the East of the Indian Standard Time Meridian (82.5′ E longitude)
82%
Pink 10 ... with at least 7 letters in her Capital
82%
Pink 5 ... with more than 20 million people
82%
Yellow 6 ... which are a part of the Seven Sisters
80%
Green 3 ... and is a part of the cultural North India
79%
Yellow 3 ... and starts with M
79%
Pink 4 ... and a part of the cultural North or East India
78%
Blue 1 ... with more than 15 letters in her capital Kerala
77%
Green 1 ... which shares its Capital with another state Punjab
76%
Yellow 1 ... and doesn't have 6 letters in her Capital Meghalaya
73%
Pink 1 ... whose capital has more than 10 million people West Bengal
53%
No matching quizzes found
Score Distribution
Percent of People with Each Score
Percentile by Number Answered
Your Score History
You have not taken this quiz since the last reset